Teuerste Abgänge von Barcelona - Statistiken

Allgemein
  • Dieses Quiz wurde 94 mal gespielt
  • Das Durchschnittsergebnis liegt bei 3 aus 15
Antwortstatistiken
Hint Antwort % Korrekt
1 Neymar
93%
4 Ousmane Dembele
64%
3 Luis Figo
30%
14 Ronaldo
28%
5 Alexis Sanchez
16%
9 Cesc Fabregas
16%
13 Pedro
16%
2 Arthur Melo
12%
7 Malcom
12%
6 Paulinho
10%
10 Nelson Semedo
9%
12 Yaya Toure
5%
8 Jesper Cillessen
1%
15 Vitor Roque
1%
11 Yerry Mina
0%
Keine übereinstimmenden Quizze gefunden
Verteilung der Resultate
Anzahl Personen mit jedem Resultat
Perzentil nach korrekt beantworteten Fragen
Ihre Resultats-Entwicklung
Sie haben dieses Quiz noch nicht gespielt